Lebensmittel mit "M" - Statistiken

Allgemein
  • Dieses Quiz wurde 268 mal gespielt
  • Das Durchschnittsergebnis liegt bei 28 aus 86
Antwortstatistiken
Lebensmittel % Korrekt
Milch
92%
Mus
90%
Mais
86%
Mandel
70%
Mango
70%
Mandarine
67%
Mehl
66%
Marmelade
65%
Mohn
63%
Minze
62%
Möhre / Mohrrübe
59%
Muscheln
55%
Müsli
54%
Malzbier
53%
Magermilch
52%
Mokka
47%
Melone
46%
Muskat
46%
Mischbrot
45%
Majonnaise
44%
Marzipan
43%
Met
43%
Mohnkuchen
43%
Mohnkuchen
43%
Makkaroni
41%
Meerrettich
41%
Makrele
40%
Molke
39%
Meeresfrüchte
38%
Mett
38%
Majoran
37%
Miesmuschel
37%
Mirabelle
37%
Milchreis
36%
Milchschnitte
36%
Milchkaffee
34%
Margarine
33%
Mohrenkopf
33%
Mettwurst
32%
Milchbrötchen
32%
Magenbitter
30%
Maismehl
30%
Maracuja
29%
Mascarpone
29%
Mangold
26%
Marmorkuchen
26%
Milchschokolade
26%
Milchshake
26%
Marone
25%
Maulbeere
25%
Mürbeteig
25%
Mostrich
24%
Meersalz
23%
Mohnbrötchen
23%
Muffin
23%
Maultasche
21%
Mozartkugel
21%
Mozzarella
21%
Marille
20%
Mousse
20%
Morcheln
19%
Marshmallow
18%
Mehlschwitze
18%
Mortadella
18%
Matjeshering
17%
Melisse
15%
Müsliriegel
14%
Macadamia
13%
Mineralwasser
13%
Miso
13%
Moosbeere
13%
Malzkaffee
11%
Minestrone
11%
Morelle
11%
Marinade
10%
Marzipankartoffel
9%
Mojito
9%
Mehlsuppe
8%
Malzbonbon
7%
Matcha
7%
Maniok
5%
Melange
5%
Mohnzopf
3%
Muckefuck
3%
Mixed Pickles
2%
Moltebeere
0%
Keine übereinstimmenden Quizze gefunden
Verteilung der Resultate
Anzahl Personen mit jedem Resultat
Perzentil nach korrekt beantworteten Fragen
Ihre Resultats-Entwicklung
Sie haben dieses Quiz noch nicht gespielt